000 00962nam a22003257a 4500
003 CHAP
005 20220817043910.0
008 030619s2002 it a r 00010 spa d
010 _a87409
011 _a88381
020 _a9253047607
035 _a98926
040 _cCHAP
090 _aFolleto 16543y
110 2 _aFAO
245 1 0 _aAcabar con la pesca ilegal, no declarada y no reglamentada
_c/por FAO
260 _aRoma :
_bFAO,
_c2002
300 _a23 p. :
_bilus.
590 _aBATCH-UPD
_b10
_c20130110
_lUCH01
_h1715
590 _aBATCH-UPD
_b10
_c20130410
_lUCH01
_h1100
590 _aBATCH-UPD
_b10
_c20130914
_lUCH01
_h1908
590 _aCONVERSION
_b10
_c20130109
_lUCH01
_h1348
650 1 4 _aPesca
_xLeyes.
_987396
650 1 4 _aPesquería.
_987496
650 1 4 _aRecursos marinos
_xLeyes.
_995155
901 _aBK
905 _aMarco A. Mendoza T.
942 _cFOLL
949 _aFolleto 16543y
_bBC
_cFAO
_d33724002003272
_eFAO1
_gDonaciØn
_i98926
_sb
999 _c87409
_d87409